Statistiques concernant Pokémon - Les attaques de Malosse

Cliquez ici pour prendre le quiz!

Statistiques générales

  • Ce quiz a été pris 19 fois
  • Le résultat moyen est 8 sur 16

Statistiques - réponses

NiveauxTypesNoms des attaques% Correct
Niveau 16TénèbresMorsure
100%
DépartFeuFlammèche
93%
Niveau 49TénèbresMâchouille
86%
DépartNormalGroz'Yeux
71%
Niveau 44FeuLance-Flammes
71%
Niveau 32TénèbresFeinte
50%
Niveau 13NormalHurlement
50%
Niveau 52TénèbresMachination
50%
Niveau 8PoisonPurédpois
43%
Niveau 28FeuCrocs Feu
36%
Niveau 56FeuFeu d'Enfer
36%
Niveau 4NormalGrondement
36%
Niveau 25TénèbresBaston
29%
Niveau 40TénèbresTricherie
29%
Niveau 37TénèbresEmbargo
21%
Niveau 20NormalFlair
7%

Distribution des résultats

Percentile par nombre de réponses

% des personnes avec chaque résultat

Votre développement - résultats

Vous n’avez pas pris ce quiz